00636nam a22002057a 450000500170000001000130001702000230003003500130005303700160006604000120008208200130009410000220010724500930012926000450022227000620026730000200032965000370034965000260038670000180041220170124110253.0 aB-163251 c295.00a0195672135 aB-163251 bCen Lib/Ret aDPLbEN a882bBHA aBharati, Dharmvir aAndha yug /cby Dharmvir Bharati ; translated, with critical introduction by Alok Bhalla aNew DelhibOxford University Pressc2005 bNew DelhiaYMCA Library Building, Jai Singh Road e110001 a162p.c20cm(Hb) aKrishna (Hindu deity) -- Drama.  aKrishna (Hindu deity) aBhalla, Alok